| 000 | 00526nam a22002057a 4500 | ||
|---|---|---|---|
| 003 | SEM | ||
| 005 | 20250606172320.0 | ||
| 008 | 250606ss.a s.l||||gr||||||01|||eng|d | ||
| 040 |
_aSEM _cSEM |
||
| 041 | _aeng. | ||
| 080 | _a947.925(084.12)/D-80 | ||
| 100 | _aDrayss, Ernst-Ludwig | ||
| 245 |
_aMy Armenia / _cE. L. Drayss |
||
| 260 |
_as. l. : _bs.n., _cs. a. |
||
| 300 |
_as.i. ; _bphoto, _c21 sm |
||
| 648 |
_aThe history _zArmenia _xphotobook |
||
| 648 |
_aThe tradition _zArmenia |
||
| 653 | _aՍԷՄ | ||
| 942 |
_2udc _cBK |
||
| 999 |
_c76606 _d76606 |
||